| 000 | 00673nam a22002172 4500 | ||
|---|---|---|---|
| 001 | 0000019606 | ||
| 005 | 20151217152158.0 | ||
| 008 | 110112s xx 000 0 eng d | ||
| 020 | _a0273710271 : | ||
| 040 |
_aKABU _cKABU |
||
| 100 | 1 |
_aCopeland, Laurence S. _@0000179391 |
|
| 245 | 1 | 0 |
_aExchange rates and international finance / _cLaurence S. Copeland. |
| 250 | _a5th ed. | ||
| 260 |
_aHarlow England : _bPrentice Hall, _c2008. |
||
| 300 | _axiii, 527 p. | ||
| 650 | 0 |
_aForeign exchange rates. _@0000179392 |
|
| 650 | 0 |
_aInternational finance. _@0000149975 |
|
| 852 | 1 | _9p1920 KES | |
| 908 | _a110112 | ||
| 950 | _@1 | ||
| 999 |
_c9012 _d9012 |
||